000
00219 a2200097 4500
001
13700
100
_a
Talbot, E G
245
_a
Babar Emperor of India
260
_a
Lahore
_b
National Book House
_c
090
_c
10695
_d
10695
942
_a
NUST-CAE
_c
M
_c
775
999
_c
248773
_d
248773